Mechanics of Materials / (Record no. 32257)
[ view plain ]
| 000 -LEADER | |
|---|---|
| fixed length control field | 00938cam a22003134a 4500 |
| 001 - CONTROL NUMBER | |
| control field | 13607213 |
| 003 - CONTROL NUMBER IDENTIFIER | |
| control field | OSt |
| 005 - DATE AND TIME OF LATEST TRANSACTION | |
| control field | 20220121120015.0 |
| 008 - FIXED-LENGTH DATA ELEMENTS--GENERAL INFORMATION | |
| fixed length control field | 040526s2005 njua 001 0 eng |
| 010 ## - LIBRARY OF CONGRESS CONTROL NUMBER | |
| LC control number | 2004053109 |
| 020 ## - INTERNATIONAL STANDARD BOOK NUMBER | |
| International Standard Book Number | 9788131715024 |
| 038 ## - RECORD CONTENT LICENSOR | |
| Staff Name | khadija |
| 040 ## - CATALOGING SOURCE | |
| Original cataloging agency | DLC |
| Transcribing agency | DLC |
| Modifying agency | DLC |
| 042 ## - AUTHENTICATION CODE | |
| Authentication code | pcc |
| 050 00 - LIBRARY OF CONGRESS CALL NUMBER | |
| Classification number | TA405 |
| Item number | .H47 2005 |
| 082 00 - DEWEY DECIMAL CLASSIFICATION NUMBER | |
| Classification number | 620.112 |
| Edition number | 22 |
| Author Mark | HIB |
| 100 1# - MAIN ENTRY--PERSONAL NAME | |
| Personal name | Hibbeler, R. C. |
| 9 (RLIN) | 88574 |
| 245 10 - TITLE STATEMENT | |
| Title | Mechanics of Materials / |
| Statement of responsibility, etc. | R.C. Hibbeler. |
| 250 ## - EDITION STATEMENT | |
| Edition statement | 6th ed. |
| 260 ## - PUBLICATION, DISTRIBUTION, ETC. | |
| Place of publication, distribution, etc. | Upper Saddle River, N.J. : |
| Name of publisher, distributor, etc. | Pearson Prentice Hall, |
| Date of publication, distribution, etc. | c2005. |
| 300 ## - PHYSICAL DESCRIPTION | |
| Extent | xvi, 873 p. : |
| Other physical details | col. ill. ; |
| Dimensions | 25 cm. |
| 500 ## - GENERAL NOTE | |
| General note | Includes index. |
| 563 ## - BINDING INFORMATION | |
| Binding note | PB |
| 650 #0 - SUBJECT ADDED ENTRY--TOPICAL TERM | |
| Topical term or geographic name entry element | Strength of materials. |
| 9 (RLIN) | 88575 |
| 650 #0 - SUBJECT ADDED ENTRY--TOPICAL TERM | |
| Topical term or geographic name entry element | Structural analysis (Engineering) |
| 9 (RLIN) | 88576 |
| 906 ## - LOCAL DATA ELEMENT F, LDF (RLIN) | |
| a | 7 |
| b | cbc |
| c | orignew |
| d | 1 |
| e | ocip |
| f | 20 |
| g | y-gencatlg |
| 942 ## - ADDED ENTRY ELEMENTS (KOHA) | |
| Source of classification or shelving scheme | |
| Koha item type | Book |
| Withdrawn status | Lost status | Source of classification or shelving scheme | Damaged status | Not for loan | Permanent Location | Current Location | Date acquired | Total Checkouts | Full call number | Barcode | Date last seen | Date last checked out | Price effective from | Koha item type | Shelving location | Total Renewals |
|---|---|---|---|---|---|---|---|---|---|---|---|---|---|---|---|---|
| School of Mechanical & Manufacturing Engineering (SMME) | School of Mechanical & Manufacturing Engineering (SMME) | 07/31/2015 | 3 | 620.112 HIB | SMME-909 | 01/27/2025 | 10/21/2024 | 07/31/2015 | Book | |||||||
| School of Mechanical & Manufacturing Engineering (SMME) | School of Mechanical & Manufacturing Engineering (SMME) | 11/20/2015 | 7 | 620.112 HIB | SMME-1751 | 09/25/2024 | 06/03/2024 | 11/20/2015 | Book | General Stacks | 13 |
